000 00576nam a22002057a 4500
003 0
005 20230914082720.0
008 230811b xxu||||| |||| 00| 0 eng d
020 _a978-1-9-8463-779-6
050 _aPN 1992.7
_b.T413 2020
100 _a3G E-Learning
110 _a3G E-Learning
245 _aActing and TV Presentation
_c3G E-Learning
260 _aNew York
_b3G E-Learning LLC
_cc2020
300 _a238 p. :
_bcol. ill. ;
_c24 cm.
_e1 DVD
504 _aIncludes index.
650 _aActing.
650 _aTelevision Presentation.
942 _2lcc
_cBK
999 _c365128
_d365128